[Event "ROU-chT 1st League 2019"]
[Site "Mamaia"]
[Date "2019.09.26"]
[Round "6.12"]
[White "Craciun, Alexandru-Emilian"]
[Black "Costachi, Mihnea"]
[Result "0-1"]
[WhiteElo "2077"]
[BlackElo "2463"]
[Annotator "ChessBase"]
[PlyCount "130"]
[EventDate "2019.09.21"]
[EventType "team-tourn"]
[EventCountry "ROU"]
[SourceTitle "playchess.com"]
[Source "ChessBase"]
[SourceQuality "1"]
[TimeControl "40/5400+30:1800+30"]

1. e4 {[%emt 0:00:00]} e5 {[%emt 0:00:00]} 2. Nf3 {[%emt 0:00:00]} Nc6 {[%emt 0:00:00]} 3. Bb5 {[%emt 0:00:00]} a6 {[%emt 0:00:05]} 4. Ba4 {[%emt 0:00:02]} Nf6 {[%emt 0:00:04]} 5. O-O {[%emt 0:00:19]} Be7 {[%emt 0:00:56]} 6. Re1 {[%emt 0:01:01]} b5 {[%emt 0:00:23]} 7. Bb3 {[%emt 0:00:09]} O-O {[%emt 0:00:35]} 8. c3 {[%emt 0:01:08]} d5 {[%emt 0:00:28]} 9. d3 {[%emt 0:09:06]} dxe4 {[%emt 0:00:06]} 10. dxe4 {[%emt 0:00:08]} Qxd1 {[%emt 0:00:04]} 11. Bxd1 {[%emt 0:00:08]} Rd8 {[%emt 0:00:36]} 12. Bc2 {[%emt 0:00:36]} h6 {[%emt 0:04:30]} 13. Nbd2 {[%emt 0:05:00]} Be6 {[%emt 0:08:58]} 14. Bb3 {[%emt 0:06:12]} Bxb3 {[%emt 0:01:31]} 15. Nxb3 {[%emt 0:00:22]} a5 {[%emt 0:00:24]} 16. Nbd2 {[%emt 0:08:36]} a4 {[%emt 0:00:45]} 17. Nf1 {[%emt 0:15:30]} Rd3 {[%emt 0:06:49]} 18. Ng3 {[%emt 0:10:03]} Bc5 {[%emt 0:01:48]} 19. h3 {[%emt 0:02:06]} Nd7 {[%emt 0:05:14]} 20. Kf1 {[%emt 0:02:17]} Nb6 {[%emt 0:00:32]} 21. Ke2 {[%emt 0:04:41]} Rd7 {[%emt 0:05:20]} 22. Nf1 {[%emt 0:04:01]} Nc4 {[%emt 0:04:23]} 23. N3d2 {[%emt 0:06:02]} Nd6 {[%emt 0:02:45]} 24. Ne3 {[%emt 0:05:41]} Bxe3 {[%emt 0:01:10]} 25. Kxe3 {[%emt 0:00:31]} Na5 {[%emt 0:00:04]} 26. Kd3 {[%emt 0:08:08]} c5 {[%emt 0:02:23]} 27. Kc2 {[%emt 0:00:37]} b4 {[%emt 0:00:14]} 28. Re3 {[%emt 0:06:42]} Ndc4 {[%emt 0:17:13]} 29. Rd3 {[%emt 0:04:15]} Rxd3 {[%emt 0:00:29]} 30. Kxd3 {[%emt 0:00:05]} Nxd2 {[%emt 0:04:04]} 31. Bxd2 {[%emt 0:01:15]} b3 {[%emt 0:00:28]} 32. Be3 {[%emt 0:00:36]} c4+ {[%emt 0:00:36]} 33. Ke2 {[%emt 0:00:02]} bxa2 {[%emt 0:00:38]} 34. Rxa2 {[%emt 0:00:03]} Nb3 {[%emt 0:00:05]} 35. f4 {[%emt 0:00:59]} exf4 {[%emt 0:00:29]} 36. Bxf4 {[%emt 0:00:08]} Kf8 {[%emt 0:00:19]} 37. Kf3 {[%emt 0:01:03]} Ke7 {[%emt 0:00:10]} 38. e5 {[%emt 0:00:34]} Kd7 {[%emt 0:00:35]} 39. Ke4 {[%emt 0:00:16]} Kc6 {[%emt 0:00:03]} 40. Be3 {[%emt 0:00:00]} Kb5 {[%emt 0:00:00]} 41. g4 {[%emt 0:01:19]} Re8 {[%emt 0:03:42]} 42. h4 {[%emt 0:04:17]} f6 {[%emt 0:00:27]} 43. Bd4 {[%emt 0:03:31]} fxe5 {[%emt 0:00:04]} 44. Be3 {[%emt 0:01:08]} Rf8 {[%emt 0:00:53]} 45. h5 {[%emt 0:01:18]} Rf1 {[%emt 0:06:33]} 46. Kxe5 {[%emt 0:03:10]} Na1 {[%emt 0:11:09]} 47. Bd4 {[%emt 0:04:48]} Nc2 {[%emt 0:00:03]} 48. Ke6 {[%emt 0:06:31]} Rf4 {[%emt 0:01:11]} 49. Bxg7 {[%emt 0:00:08]} Rxg4 {[%emt 0:00:03]} 50. Bf6 {[%emt 0:03:43]} Rg2 {[%emt 0:01:40]} 51. Kf7 {[%emt 0:01:35]} Rg1 {[%emt 0:00:17]} 52. Be7 {[%emt 0:01:48]} Ne3 {[%emt 0:06:20]} 53. Bf8 {[%emt 0:00:57]} Rf1+ {[%emt 0:00:18]} 54. Kg7 {[%emt 0:01:48]} Ng4 {[%emt 0:04:58]} 55. Be7 {[%emt 0:01:10]} Re1 {[%emt 0:00:08]} 56. Bh4 {[%emt 0:01:18]} Rh1 {[%emt 0:00:14]} 57. Be7 {[%emt 0:00:23]} Rxh5 {[%emt 0:00:29]} 58. Ra1 {[%emt 0:00:10]} Re5 {[%emt 0:03:45]} 59. Bd6 {[%emt 0:01:18]} Rd5 {[%emt 0:01:56]} 60. Bf4 {[%emt 0:00:23]} Nf2 {[%emt 0:03:56]} 61. Be3 {[%emt 0:00:51]} Nd1 {[%emt 0:01:44]} 62. Bxh6 {[%emt 0:00:13]} Nxb2 {[%emt 0:00:11]} 63. Rb1 {[%emt 0:00:34]} a3 {[%emt 0:00:06]} 64. Kf6 {[%emt 0:00:32]} Rd6+ {[%emt 0:00:13]} 65. Kg5 {[%emt 0:00:07]} Rd1 {[%emt 0:00:16]} 0-1

[Event "ROU-chT 1st League 2019"]
[Site "Mamaia"]
[Date "2019.09.26"]
[Round "6.13"]
[White "Macovei, Andrei"]
[Black "Erdos, Viktor"]
[Result "1/2-1/2"]
[WhiteElo "2426"]
[BlackElo "2604"]
[Annotator "ChessBase"]
[PlyCount "69"]
[EventDate "2019.09.21"]
[EventType "team-tourn"]
[EventCountry "ROU"]
[SourceTitle "playchess.com"]
[Source "ChessBase"]
[SourceQuality "1"]
[TimeControl "40/5400+30:1800+30"]

1. e4 {[%emt 0:00:00]} e5 {[%emt 0:02:22]} 2. Nf3 {[%emt 0:00:00]} Nc6 {[%emt 0:00:05]} 3. Bb5 {[%emt 0:00:24]} a6 {[%emt 0:00:18]} 4. Ba4 {[%emt 0:00:01]} b5 {[%emt 0:00:06]} 5. Bb3 {[%emt 0:00:04]} Na5 {[%emt 0:00:03]} 6. O-O {[%emt 0:14:55]} d6 {[%emt 0:00:14]} 7. d4 {[%emt 0:07:13]} exd4 {[%emt 0:00:23]} 8. Nxd4 {[%emt 0:00:41]} Bb7 {[%emt 0:00:24]} 9. c4 {[%emt 0:07:08]} c5 {[%emt 0:00:10]} 10. Nf5 {[%emt 0:01:55]} g6 {[%emt 0:00:11]} 11. Ne3 {[%emt 0:02:11]} Bg7 {[%emt 0:03:17]} 12. Nc3 {[%emt 0:07:04]} Nxb3 {[%emt 0:00:12]} 13. Qxb3 {[%emt 0:06:50]} Nf6 {[%emt 0:01:22]} 14. cxb5 {[%emt 0:07:16]} O-O {[%emt 0:08:07]} 15. bxa6 {[%emt 0:02:18]} Bxa6 {[%emt 0:35:41]} 16. Rd1 {[%emt 0:00:41]} Re8 {[%emt 0:00:09]} 17. Qc2 {[%emt 0:07:35]} Qb8 {[%emt 0:08:02]} 18. b3 {[%emt 0:01:10]} Nxe4 {[%emt 0:02:16]} 19. Bb2 {[%emt 0:00:46]} Nxc3 {[%emt 0:26:24]} 20. Bxc3 {[%emt 0:00:04]} Re6 {[%emt 0:00:18]} 21. Bxg7 {[%emt 0:10:57]} Kxg7 {[%emt 0:00:04]} 22. Qc3+ {[%emt 0:00:04]} f6 {[%emt 0:04:53]} 23. Re1 {[%emt 0:00:12]} Qg8 {[%emt 0:00:49]} 24. Rad1 {[%emt 0:09:01]} Qf7 {[%emt 0:02:07]} 25. h4 {[%emt 0:01:26]} Bb7 {[%emt 0:00:31]} 26. Rd2 {[%emt 0:03:18]} h5 {[%emt 0:01:43]} 27. Red1 {[%emt 0:00:49]} Ra6 {[%emt 0:01:44]} 28. Nd5 {[%emt 0:01:40]} Bxd5 {[%emt 0:00:16]} 29. Rxd5 {[%emt 0:01:23]} Rxa2 {[%emt 0:01:19]} 30. Rxd6 {[%emt 0:00:20]} Rxd6 31. Rxd6 {[%emt 0:00:01]} Ra3 {[%emt 0:01:14]} 32. Qxc5 {[%emt 0:05:28]} Rxb3 {[%emt 0:00:04]} 33. Rd8 {[%emt 0:00:51]} Rb1+ {[%emt 0:00:22]} 34. Kh2 {[%emt 0:00:03]} Rb7 {[%emt 0:00:19]} 35. Qd5 1/2-1/2

[Event "ROU-chT 1st League 2019"]
[Site "Mamaia"]
[Date "2019.09.26"]
[Round "6.14"]
[White "Gonda, Laszlo"]
[Black "Schitco, Ivan"]
[Result "1/2-1/2"]
[WhiteElo "2541"]
[BlackElo "2492"]
[Annotator "ChessBase"]
[PlyCount "23"]
[EventDate "2019.09.21"]
[EventType "team-tourn"]
[EventCountry "ROU"]
[SourceTitle "playchess.com"]
[Source "ChessBase"]
[SourceQuality "1"]
[TimeControl "40/5400+30:1800+30"]

1. Nf3 {[%emt 0:00:23]} d5 {[%emt 0:00:00]} 2. g3 {[%emt 0:00:04]} Bg4 {[%emt 0:00:06]} 3. Bg2 {[%emt 0:00:06]} Nd7 {[%emt 0:00:27]} 4. O-O {[%emt 0:00:54]} Ngf6 {[%emt 0:00:11]} 5. d3 {[%emt 0:01:03]} c6 {[%emt 0:01:02]} 6. Qe1 {[%emt 0:00:27]} e5 {[%emt 0:00:47]} 7. e4 {[%emt 0:00:08]} dxe4 {[%emt 0:00:43]} 8. dxe4 {[%emt 0:00:02]} Bc5 {[%emt 0:00:15]} 9. Nbd2 {[%emt 0:00:42]} O-O {[%emt 0:02:32]} 10. Nb3 {[%emt 0:01:16]} Be7 {[%emt 0:05:02]} 11. Bd2 {[%emt 0:09:58]} Qc7 {[%emt 0:04:30]} 12. Bc3 {[%emt 0:02:09]} 1/2-1/2

[Event "ROU-chT 1st League 2019"]
[Site "Mamaia"]
[Date "2019.09.26"]
[Round "6.15"]
[White "Dicu, Razvan-Stefan"]
[Black "Grigore, George-Gabriel"]
[Result "0-1"]
[WhiteElo "2291"]
[BlackElo "2491"]
[Annotator "ChessBase"]
[PlyCount "67"]
[EventDate "2019.09.21"]
[EventType "team-tourn"]
[EventCountry "ROU"]
[SourceTitle "playchess.com"]
[Source "ChessBase"]
[SourceQuality "1"]
[TimeControl "40/5400+30:1800+30"]

1. e4 {[%emt 0:00:00]} d5 {[%emt 0:00:38]} 2. exd5 {[%emt 0:00:00]} Qxd5 {[%emt 0:00:05]} 3. Nc3 {[%emt 0:00:21]} Qd6 {[%emt 0:00:13]} 4. d4 {[%emt 0:01:05]} Nf6 {[%emt 0:00:08]} 5. Nf3 {[%emt 0:01:41]} g6 {[%emt 0:00:22]} 6. Ne5 {[%emt 0:19:48]} Bg7 {[%emt 0:01:26]} 7. Be2 {[%emt 0:00:50]} O-O {[%emt 0:08:11]} 8. O-O {[%emt 0:03:21]} c5 {[%emt 0:13:44]} 9. Nb5 {[%emt 0:02:18]} Qb6 {[%emt 0:00:34]} 10. a4 {[%emt 0:27:18]} a6 {[%emt 0:13:07]} 11. dxc5 {[%emt 0:00:50]} Qxc5 {[%emt 0:00:14]} 12. Nd3 {[%emt 0:00:16]} Qb6 {[%emt 0:02:18]} 13. Be3 {[%emt 0:01:34]} Qd8 {[%emt 0:00:17]} 14. Nc3 {[%emt 0:01:46]} Nc6 {[%emt 0:01:42]} 15. Bf3 {[%emt 0:06:41]} Nd4 {[%emt 0:10:56]} 16. Bxd4 {[%emt 0:06:17]} Qxd4 {[%emt 0:00:25]} 17. a5 {[%emt 0:00:02]} Rb8 {[%emt 0:03:40]} 18. Ra4 {[%emt 0:00:40]} Qd6 {[%emt 0:05:15]} 19. Qe2 {[%emt 0:13:51]} Rd8 {[%emt 0:12:29]} 20. Re1 {[%emt 0:01:55]} e6 {[%emt 0:02:38]} 21. Ne5 {[%emt 0:04:30]} Bd7 {[%emt 0:07:48]} 22. Nc4 {[%emt 0:03:42]} Qc7 {[%emt 0:03:30]} 23. Raa1 {[%emt 0:00:04]} Bc6 {[%emt 0:00:24]} 24. Nb6 {[%emt 0:01:18]} Nd7 {[%emt 0:02:57]} 25. Bxc6 {[%emt 0:01:16]} Qxc6 {[%emt 0:00:18]} 26. Nxd7 {[%emt 0:00:26]} Rxd7 {[%emt 0:00:10]} 27. Ra3 {[%emt 0:00:58]} Rbd8 {[%emt 0:00:36]} 28. Qe4 {[%emt 0:00:38]} Qxe4 {[%emt 0:02:38]} 29. Nxe4 {[%emt 0:00:06]} Bxb2 {[%emt 0:00:09]} 30. Rb3 {[%emt 0:00:04]} Bg7 {[%emt 0:00:29]} 31. Nc5 {[%emt 0:00:19]} Rc7 {[%emt 0:00:11]} 32. Nxb7 {[%emt 0:00:19]} Rd2 {[%emt 0:00:13]} 33. c3 {[%emt 0:01:14]} Bxc3 {[%emt 0:00:25]} 34. Ra1 0-1

[Event "ROU-chT 1st League 2019"]
[Site "Mamaia"]
[Date "2019.09.26"]
[Round "6.16"]
[White "Manea, Alexandru"]
[Black "Pop, Alexandru"]
[Result "1/2-1/2"]
[WhiteElo "2305"]
[BlackElo "2274"]
[Annotator "NA"]
[PlyCount "117"]
[EventDate "2019.09.21"]
[EventType "team-tourn"]
[EventCountry "ROU"]
[SourceTitle "playchess.com"]
[Source "ChessBase"]
[SourceQuality "1"]
[TimeControl "40/5400+30:1800+30"]

1. d4 {[%emt 0:01:07]} Nf6 {[%emt 0:00:00]} 2. Nf3 {[%emt 0:00:11]} d5 {[%emt 0:00:00]} 3. c4 {[%emt 0:02:22]} e6 {[%emt 0:00:06]} 4. g3 {[%emt 0:00:07]} dxc4 {[%emt 0:00:07]} 5. Qa4+ {[%emt 0:00:25]} Nbd7 {[%emt 0:00:12]} 6. Qxc4 {[%emt 0:00:08]} a6 {[%emt 0:00:07]} 7. Bg2 {[%emt 0:06:29]} b5 {[%emt 0:00:11]} 8. Qc2 {[%emt 0:01:59]} Bb7 {[%emt 0:00:09]} 9. O-O {[%emt 0:00:09]} c5 {[%emt 0:00:52]} 10. Be3 {[%emt 0:24:07]} Rc8 {[%emt 0:00:21]} 11. dxc5 {[%emt 0:00:12]} Bxc5 {[%emt 0:00:18]} 12. Bxc5 {[%emt 0:00:06]} Rxc5 {[%emt 0:00:15]} 13. Qb3 {[%emt 0:00:39]} O-O {[%emt 0:00:47]} 14. Nc3 {[%emt 0:01:40]} Qb6 {[%emt 0:02:04]} 15. Rad1 {[%emt 0:01:26]} Rfc8 {[%emt 0:02:31]} 16. Rd4 {[%emt 0:02:19]} Rc4 {[%emt 0:01:05]} 17. Rxc4 {[%emt 0:06:11]} Rxc4 {[%emt 0:00:12]} 18. Nd2 {[%emt 0:02:20]} Rd4 {[%emt 0:05:47]} 19. Nf3 {[%emt 0:00:23]} Bxf3 {[%emt 0:20:32]} 20. Bxf3 {[%emt 0:01:04]} Ne5 {[%emt 0:07:41]} 21. Bg2 {[%emt 0:31:34]} Nc4 {[%emt 0:07:46]} 22. Rd1 {[%emt 0:02:24]} Rxd1+ {[%emt 0:01:46]} 23. Nxd1 {[%emt 0:00:25]} Qd4 {[%emt 0:00:35]} 24. Qc2 {[%emt 0:00:05]} h5 {[%emt 0:13:57]} 25. Bf1 {[%emt 0:05:54]} Ne5 {[%emt 0:16:54]} 26. Bg2 {[%emt 0:01:50]} h4 {[%emt 0:05:57]} 27. Ne3 {[%emt 0:03:28]} hxg3 {[%emt 0:01:33]} 28. hxg3 {[%emt 0:00:01]} Nfg4 {[%emt 0:00:59]} 29. Nxg4 {[%emt 0:00:09]} Nxg4 {[%emt 0:00:16]} 30. e3 {[%emt 0:00:05]} Qb4 {[%emt 0:00:35]} 31. Qc3 {[%emt 0:01:04]} Qa4 {[%emt 0:04:19]} 32. Bf3 {[%emt 0:00:57]} Nf6 {[%emt 0:01:10]} 33. a3 {[%emt 0:00:05]} a5 {[%emt 0:00:59]} 34. Kg2 {[%emt 0:00:26]} b4 {[%emt 0:00:34]} 35. Qc4 {[%emt 0:00:47]} Nd7 {[%emt 0:01:38]} 36. Qc8+ {[%emt 0:03:10]} Nf8 {[%emt 0:00:06]} 37. Qc4 {[%emt 0:00:09]} Ng6 {[%emt 0:01:05]} 38. Be4 {[%emt 0:00:17]} Ne7 {[%emt 0:00:39]} 39. Qc7 {[%emt 0:01:16]} Ng6 {[%emt 0:02:04]} 40. Bc2 {[%emt 0:00:00]} Qb5 {[%emt 0:00:00]} 41. Bxg6 {[%emt 0:13:11]} fxg6 {[%emt 0:01:20]} 42. Qd8+ {[%emt 0:00:02]} Kf7 {[%emt 0:00:09]} 43. Qc7+ {[%emt 0:00:24]} Kg8 {[%emt 0:01:25]} 44. Qd6 {[%emt 0:01:12]} Kf7 {[%emt 0:00:39]} 45. axb4 {[%emt 0:00:11]} axb4 {[%emt 0:00:29]} 46. Qf4+ {[%emt 0:00:58]} Ke7 {[%emt 0:03:06]} 47. Qd4 {[%emt 0:01:23]} Kf7 {[%emt 0:01:57]} 48. e4 {[%emt 0:02:20]} b3 {[%emt 0:03:09]} 49. Kf3 {[%emt 0:02:32]} Kf8 {[%emt 0:02:09]} 50. Qd8+ {[%emt 0:00:46]} Kf7 {[%emt 0:00:05]} 51. Qc7+ {[%emt 0:00:08]} Kf8 {[%emt 0:00:15]} 52. Qd6+ {[%emt 0:00:34]} Kf7 {[%emt 0:00:07]} 53. Qd4 {[%emt 0:00:13]} Kf8 {[%emt 0:00:33]} 54. Kf4 {[%emt 0:02:00]} Kf7 {[%emt 0:00:19]} 55. Qc3 {[%emt 0:07:59]} Qb6 {[%emt 0:03:03]} 56. Qf3 {[%emt 0:01:10]} Qb5 {[%emt 0:04:23]} 57. Qc3 {[%emt 0:01:02]} Qb6 {[%emt 0:00:14]} 58. Kf3 {[%emt 0:00:30]} Qb5 {[%emt 0:00:20]} 59. Qd4 {[%emt 0:00:21]} 1/2-1/2

[Event "ROU-chT 1st League 2019"]
[Site "Mamaia"]
[Date "2019.09.26"]
[Round "6.17"]
[White "Daianu, Cristian-Clement"]
[Black "Szabo, Attila"]
[Result "1-0"]
[WhiteElo "2206"]
[BlackElo "2239"]
[Annotator "NA"]
[PlyCount "75"]
[EventDate "2019.09.21"]
[EventType "team-tourn"]
[EventCountry "ROU"]
[SourceTitle "playchess.com"]
[Source "ChessBase"]
[SourceQuality "1"]
[TimeControl "40/5400+30:1800+30"]

1. e4 {[%emt 0:04:26]} e5 {[%emt 0:01:16]} 2. Nf3 {[%emt 0:00:41]} Nc6 {[%emt 0:00:35]} 3. Bc4 {[%emt 0:00:09]} Be7 {[%emt 0:01:30]} 4. O-O {[%emt 0:05:18]} Nf6 {[%emt 0:00:30]} 5. d3 {[%emt 0:00:09]} O-O {[%emt 0:00:10]} 6. Re1 {[%emt 0:00:17]} d6 {[%emt 0:00:24]} 7. a4 {[%emt 0:00:16]} a6 {[%emt 0:11:08]} 8. a5 {[%emt 0:06:31]} Nd4 {[%emt 0:05:42]} 9. c3 {[%emt 0:13:34]} Nxf3+ {[%emt 0:05:18]} 10. Qxf3 {[%emt 0:01:17]} Bg4 {[%emt 0:06:45]} 11. Qg3 {[%emt 0:06:30]} Qc8 {[%emt 0:16:40]} 12. h3 {[%emt 0:13:09]} Be6 {[%emt 0:00:43]} 13. Bh6 {[%emt 0:01:27]} Nh5 {[%emt 0:01:30]} 14. Qf3 {[%emt 0:00:12]} Nf6 {[%emt 0:15:16]} 15. Bg5 {[%emt 0:03:20]} h6 {[%emt 0:07:09]} 16. Be3 {[%emt 0:20:07]} Qd7 {[%emt 0:06:47]} 17. Nd2 {[%emt 0:02:52]} d5 {[%emt 0:03:54]} 18. exd5 {[%emt 0:06:58]} Bxd5 {[%emt 0:04:12]} 19. Qg3 {[%emt 0:03:53]} Nh5 {[%emt 0:05:31]} 20. Qxe5 {[%emt 0:00:25]} Bxc4 {[%emt 0:04:09]} 21. Nxc4 {[%emt 0:03:34]} f5 {[%emt 0:00:41]} 22. Bxh6 {[%emt 0:03:14]} Bf6 {[%emt 0:00:22]} 23. Qe2 {[%emt 0:00:10]} Ng3 {[%emt 0:00:41]} 24. Qf3 {[%emt 0:01:52]} gxh6 {[%emt 0:00:25]} 25. Qxg3+ {[%emt 0:00:05]} Bg7 {[%emt 0:00:28]} 26. Re2 {[%emt 0:01:14]} Rad8 {[%emt 0:00:21]} 27. d4 {[%emt 0:00:27]} Qd5 {[%emt 0:00:14]} 28. Re7 {[%emt 0:00:45]} Rf7 {[%emt 0:00:08]} 29. Rxf7 {[%emt 0:00:06]} Qxf7 {[%emt 0:00:06]} 30. Ne5 {[%emt 0:00:30]} Qb3 {[%emt 0:00:12]} 31. Re1 {[%emt 0:00:27]} Qxb2 {[%emt 0:00:21]} 32. Nf7 {[%emt 0:00:33]} Rf8 {[%emt 0:00:16]} 33. Nxh6+ {[%emt 0:00:39]} Kh7 {[%emt 0:00:01]} 34. Re6 {[%emt 0:00:47]} Qb1+ {[%emt 0:01:06]} 35. Kh2 {[%emt 0:00:05]} f4 {[%emt 0:00:08]} 36. Qh4 {[%emt 0:00:11]} f3 {[%emt 0:02:11]} 37. Re7 {[%emt 0:00:43]} fxg2 {[%emt 0:01:06]} 38. Nf5+ {[%emt 0:00:13]} 1-0

[Event "ROU-chT 1st League 2019"]
[Site "Mamaia"]
[Date "2019.09.26"]
[Round "6.18"]
[White "Vasiesiu, Victor"]
[Black "Stanciu, Andreea-Briana"]
[Result "1-0"]
[WhiteElo "2251"]
[BlackElo "1884"]
[Annotator "NA"]
[PlyCount "115"]
[EventDate "2019.09.21"]
[EventType "team-tourn"]
[EventCountry "ROU"]
[SourceTitle "playchess.com"]
[Source "ChessBase"]
[SourceQuality "1"]
[TimeControl "40/5400+30:1800+30"]

1. e4 {[%emt 0:00:20]} e5 {[%emt 0:00:00]} 2. Nf3 {[%emt 0:01:03]} Nc6 {[%emt 0:00:00]} 3. Bc4 {[%emt 0:00:05]} Bc5 {[%emt 0:00:00]} 4. O-O {[%emt 0:00:06]} Nf6 {[%emt 0:00:01]} 5. d3 {[%emt 0:00:04]} O-O {[%emt 0:00:14]} 6. Bg5 {[%emt 0:00:03]} h6 {[%emt 0:00:27]} 7. Bh4 {[%emt 0:00:05]} Be7 {[%emt 0:00:35]} 8. Bg3 {[%emt 0:00:05]} d6 {[%emt 0:00:11]} 9. a4 {[%emt 0:00:04]} Be6 {[%emt 0:11:10]} 10. Nbd2 {[%emt 0:00:54]} Bxc4 {[%emt 0:13:55]} 11. Nxc4 {[%emt 0:00:14]} Nd7 {[%emt 0:01:04]} 12. Ne3 {[%emt 0:00:56]} Re8 {[%emt 0:01:56]} 13. c3 {[%emt 0:05:31]} Bf8 {[%emt 0:03:41]} 14. b4 {[%emt 0:01:48]} a5 {[%emt 0:08:37]} 15. Qb3 {[%emt 0:07:38]} b6 {[%emt 0:07:38]} 16. Qc4 {[%emt 0:04:36]} Ne7 {[%emt 0:02:29]} 17. Nh4 {[%emt 0:00:26]} Nf6 {[%emt 0:05:26]} 18. Qb3 {[%emt 0:07:04]} Qd7 {[%emt 0:19:12]} 19. f4 {[%emt 0:00:42]} exf4 {[%emt 0:00:10]} 20. Bxf4 {[%emt 0:08:29]} Qe6 {[%emt 0:01:44]} 21. Qxe6 {[%emt 0:14:20]} fxe6 {[%emt 0:00:04]} 22. Bg3 {[%emt 0:03:26]} Nh5 {[%emt 0:04:03]} 23. Be1 {[%emt 0:08:18]} g5 {[%emt 0:01:14]} 24. Nf3 {[%emt 0:00:31]} Nf4 {[%emt 0:03:21]} 25. d4 {[%emt 0:01:33]} Bg7 {[%emt 0:04:40]} 26. b5 {[%emt 0:00:14]} Rf8 {[%emt 0:01:33]} 27. Ra2 {[%emt 0:03:42]} Neg6 {[%emt 0:02:48]} 28. g3 {[%emt 0:11:12]} Nh5 {[%emt 0:02:08]} 29. Re2 {[%emt 0:05:44]} Nf6 {[%emt 0:01:37]} 30. Nc4 {[%emt 0:00:02]} g4 {[%emt 0:01:37]} 31. Nfd2 {[%emt 0:00:30]} Nh7 {[%emt 0:00:38]} 32. Ne3 {[%emt 0:02:23]} h5 {[%emt 0:00:29]} 33. Rxf8+ {[%emt 0:02:04]} Rxf8 {[%emt 0:00:06]} 34. Rf2 {[%emt 0:00:04]} Re8 {[%emt 0:00:17]} 35. Kf1 {[%emt 0:01:01]} Ng5 {[%emt 0:01:36]} 36. Ke2 {[%emt 0:00:38]} Nh3 {[%emt 0:00:28]} 37. Rf1 {[%emt 0:00:20]} Bh6 {[%emt 0:00:54]} 38. Kd3 {[%emt 0:02:19]} Rf8 {[%emt 0:01:47]} 39. Rxf8+ {[%emt 0:01:32]} Kxf8 {[%emt 0:00:04]} 40. Nb3 {[%emt 0:00:00]} Ng1 {[%emt 0:00:00]} 41. Nf1 {[%emt 0:06:17]} Nf3 {[%emt 0:05:48]} 42. Bf2 {[%emt 0:00:02]} Ke7 {[%emt 0:04:14]} 43. Ke2 {[%emt 0:00:05]} Ng5 {[%emt 0:07:42]} 44. Nfd2 {[%emt 0:00:07]} Nh3 {[%emt 0:02:20]} 45. Be1 {[%emt 0:00:03]} d5 {[%emt 0:03:15]} 46. Kd3 {[%emt 0:01:17]} Kd7 {[%emt 0:01:45]} 47. Nf1 {[%emt 0:14:52]} Ng1 {[%emt 0:01:42]} 48. Nbd2 {[%emt 0:00:26]} c6 {[%emt 0:01:11]} 49. Bf2 {[%emt 0:01:53]} Nh3 {[%emt 0:00:05]} 50. Be3 {[%emt 0:00:06]} Bf8 {[%emt 0:01:26]} 51. bxc6+ {[%emt 0:01:47]} Kxc6 {[%emt 0:00:06]} 52. c4 {[%emt 0:00:03]} Bb4 {[%emt 0:01:35]} 53. Nb3 {[%emt 0:00:05]} Ne7 {[%emt 0:04:41]} 54. Nfd2 {[%emt 0:00:24]} Nc8 {[%emt 0:00:57]} 55. cxd5+ {[%emt 0:02:01]} exd5 {[%emt 0:00:05]} 56. exd5+ {[%emt 0:00:05]} Kxd5 {[%emt 0:00:05]} 57. Ne4 {[%emt 0:00:11]} Be7 {[%emt 0:01:21]} 58. Nc3+ {[%emt 0:01:38] Ke5 d5 Bd8 Nd2 Kf5 Nc4 h4 Ne4 Be7 Kd4 Bd8 d6 hxg3 Kd5} 1-0